000 00607cam a22002293a 4500
001 22549
003 PGUSA
005 20140828083459.0
008 070909s2007||||xxu|||||s|||||000 1 eng d
040 _aPGUSA
_beng
042 _adc
050 4 _aPS
100 1 _aGodwin, Tom,
_d1915-1980
245 1 0 _aSpace Prison
_h[electronic resource] /
_cTom Godwin
260 _bProject Gutenberg,
_c2007
506 _aPublic domain in the USA.
516 _aElectronic text
653 _aScience fiction
830 0 _aProject Gutenberg
_v22549
856 4 0 _uhttp://www.gutenberg.org/ebooks/22549
942 _cEB
999 _c251804
_d251804